000 00446nam a2200157 a 4500
001 000025769
005 20200930024033.0
008 110222s1991 dr 000 0 spa d
040 _aDO-SdBNP
_bspa
_cBNPHU
041 1 7 _aeng
100 1 _aSchoenrich, Otto
_91706
245 1 3 _aHistory of palace of Diego Colombus /
_cOtto Schoenrich.
260 _aSanto Domingo :
_bEditora Taller,
_c1991.
300 _a30 P. ; :
_bil. ;
_c21 cm.
049 _aBNPHU
999 _c25261
_d25261